[Event "Elit(Rockaden,Umea-Manhem)"]
[Site "?"]
[Date "2016.10.16"]
[Round "3"]
[White "Eriksson, Jorgen"]
[Black "Al Hadarani, Hatim"]
[Result "1-0"]
[WhiteElo "2228"]
[BlackElo "2247"]
[PlyCount "102"]

1. d4 Nf6 2. Bg5 e6 3. Nd2 c5 4. e3 Nc6 5. Ngf3 d5 6. c3 h6 7. Bh4 g5 8. Bg3
Nh5 9. Be5 f6 10. Bg3 Nxg3 11. hxg3 g4 12. Nh4 Rg8 13. Nb3 c4 14. Nd2 f5 15. a4
Bd7 16. b3 cxb3 17. Qxb3 Na5 18. Qb2 Rc8 19. Bd3 Qc7 20. Rc1 Bxa4 21. O-O Nc4
22. Nxc4 dxc4 23. Bb1 Be7 24. e4 f4 25. e5 f3 26. Be4 Bc6 27. Qc2 Bxh4 28. gxh4
fxg2 29. Kxg2 Bxe4+ 30. Qxe4 Qc6 31. Qxc6+ Rxc6 32. f4 gxf3+ 33. Kxf3 Rc7 34.
Rg1 Rf7+ 35. Ke3 Rgf8 36. Rg3 Rf2 37. Rb1 Rc2 38. Ke4 Re2+ 39. Re3 Ref2 40. Rg3
Re2+ 41. Re3 Rh2 42. Rg3 b6 43. Rb4 Rf5 44. Rxc4 Rxh4+ 45. Kd3 Rg5 46. Rf3 Rg7
47. Rc6 Rg6 48. Rc7 Rhg4 49. Rff7 b5 50. Rh7 Rg3+ 51. Kc2 Kd8 1-0

[Event "Elit(Rockaden,Umea-Manhem)"]
[Site "?"]
[Date "2016.10.16"]
[Round "3"]
[White "Outgajjouft, Said"]
[Black "Hellstrom, Magnus"]
[Result "0-1"]
[WhiteElo "2078"]
[BlackElo "2073"]
[PlyCount "124"]

1. e4 c5 2. Nc3 Nc6 3. f4 g6 4. Nf3 Bg7 5. Bb5 Nd4 6. O-O Nxb5 7. Nxb5 d5 8. e5
a6 9. Nc3 Bg4 10. d3 e6 11. Qe1 Bxf3 12. Rxf3 Ne7 13. Qf2 Rc8 14. Ne2 h5 15. c4
dxc4 16. dxc4 Qd1+ 17. Qf1 Qxf1+ 18. Rxf1 f6 19. exf6 Bxf6 20. Be3 Nf5 21. Bf2
Nd6 22. Rad1 Nxc4 23. b3 Nb2 24. Rd2 Ke7 25. Bh4 Bxh4 26. Rxb2 Rhd8 27. Rc2 Bf6
28. Rfc1 b6 29. Kf2 Bd4+ 30. Nxd4 Rxd4 31. g3 Rcd8 32. Re1 Rd2+ 33. Re2 Rxc2
34. Rxc2 Rd4 35. Ke3 Kd6 36. Ke2 Kd5 37. Ke3 Rd1 38. Ke2 Rd4 39. Ke3 b5 40. Ke2
a5 41. Ke3 a4 42. Rc1 c4 43. bxc4+ Rxc4 44. Rb1 Kc5 45. Kd3 b4 46. Re1 Rc3+ 47.
Kd2 Ra3 48. Rxe6 Rxa2+ 49. Kd3 b3 50. Rxg6 Rxh2 51. Rg8 Rh1 52. Kc3 Rc1+ 53.
Kb2 Rc2+ 54. Kb1 Kd4 55. Rb8 Rg2 56. Rd8+ Kc3 57. Rc8+ Kb4 58. f5 a3 59. Rb8+
Kc4 60. Rc8+ Kd4 61. f6 Rg1+ 62. Rc1 a2+ 0-1

[Event "Elit(Rockaden,Umea-Manhem)"]
[Site "?"]
[Date "2016.10.16"]
[Round "3"]
[White "Johansson, David"]
[Black "Berggren Torell, Harald"]
[Result "1/2-1/2"]
[WhiteElo "2106"]
[BlackElo "2128"]
[PlyCount "68"]

1. e4 g6 2. d4 d6 3. Nc3 Bg7 4. Be3 a6 5. Qd2 b5 6. f3 Nd7 7. h4 h6 8. Nh3 Bb7
9. g4 e6 10. Qf2 b4 11. Ne2 c5 12. dxc5 dxc5 13. O-O-O Qa5 14. Kb1 O-O-O 15.
Nc1 Qc7 16. Be2 Ne7 17. g5 h5 18. Bf4 Qb6 19. Nb3 Nc6 20. Be3 Bf8 21. Nf4 Qc7
22. Ng2 Nce5 23. Ne1 c4 24. Nd4 Bc5 25. b3 Qb6 26. Ng2 c3 27. Rhe1 Rhe8 28. Bf1
Qa5 29. Qg3 Qb6 30. Qf2 Qa5 31. Qg3 Qb6 32. Qf2 Re7 33. Qg3 Ree8 34. Qf2 Qa5
1/2-1/2

[Event "Elit(LASK-Kungstornet)"]
[Site "?"]
[Date "2016.10.16"]
[Round "3"]
[White "von Bahr, Oskar"]
[Black "Tari, Aryan"]
[Result "1/2-1/2"]
[WhiteElo "2362"]
[BlackElo "2570"]
[PlyCount "79"]
[EventDate "2016.??.??"]

1. c4 g6 2. g3 Bg7 3. Bg2 c5 4. Nc3 Nc6 5. Nf3 d6 6. a3 Bf5 7. h3 e5 8. b4 Nge7
9. O-O O-O 10. b5 Na5 11. e4 Be6 12. d3 h6 13. Bd2 f5 14. Nd5 Nxd5 15. cxd5 Bd7
16. Rb1 g5 17. exf5 Bxf5 18. g4 Bg6 19. Nh2 c4 20. Be4 Bxe4 21. dxe4 Nb3 22.
Rxb3 cxb3 23. Qxb3 Rc8 24. Re1 Qb6 25. Be3 Qa5 26. Ra1 Rf4 27. Nf1 Rxe4 28. Qd3
Rf4 29. Bxf4 exf4 30. Qg6 Kh8 31. Rd1 Qxa3 32. Re1 Rg8 33. Re8 Qb4 34. Rxg8+
Kxg8 35. Qe6+ Kh8 36. Qc8+ Kh7 37. Qf5+ Kg8 38. Qe6+ Kh8 39. Qc8+ Kh7 40. Qf5+
1/2-1/2

[Event "Elit(LASK-Kungstornet)"]
[Site "?"]
[Date "2016.10.16"]
[Round "3"]
[White "Smith, Axel"]
[Black "Lyrberg, Patrik"]
[Result "1/2-1/2"]
[WhiteElo "2516"]
[BlackElo "2460"]
[PlyCount "120"]

1. d4 e6 2. Nf3 c5 3. e3 d5 4. c4 Nc6 5. a3 Nf6 6. dxc5 Bxc5 7. b4 Be7 8. Bb2
O-O 9. Nbd2 a6 10. Rc1 Bd7 11. Bd3 Qb8 12. O-O Rd8 13. Qc2 h6 14. Rfd1 Be8 15.
cxd5 Nxd5 16. Ne4 b6 17. Qe2 Qb7 18. Rd2 Nc7 19. Rdc2 Nb5 20. Ng3 Nd6 21. e4 b5
22. e5 Nc4 23. Qe4 Rxd3 24. Qxd3 a5 25. bxa5 N6xa5 26. Rb1 Rd8 27. Qe2 Bxa3 28.
Bc3 Bc6 29. Qe1 Ra8 30. Nd4 Be8 31. Ne4 Qd5 32. Rd1 b4 33. Nb3 Qc6 34. Bxb4
Bxb4 35. Nxa5 Nxa5 36. Rxc6 Bxe1 37. Rc7 Bb4 38. Nd6 Bc6 39. Nxf7 Bd5 40. Nd6
Nc6 41. Rc8+ Rxc8 42. Nxc8 Nxe5 43. Nb6 Bc6 44. Rc1 Bb5 45. Rc7 Kh7 46. Nc8 Nd3
47. Na7 Ba4 48. Kf1 Bc5 49. Ke2 Nf4+ 50. Kf1 Bd6 51. Rc3 Bb8 52. Ra3 Bd7 53.
Ra6 Nd5 54. Nc6 Be5 55. Kg1 Bc3 56. Ne7 Bb4 57. Nc6 Bc3 58. Ne7 Bb4 59. Nc6 Bc3
60. Ne7 Bb4 1/2-1/2

[Event "Elit(LASK-Kungstornet)"]
[Site "?"]
[Date "2016.10.16"]
[Round "3"]
[White "Aronsson, Marten"]
[Black "Tikkanen, Hans"]
[Result "1/2-1/2"]
[WhiteElo "2334"]
[BlackElo "2534"]
[PlyCount "38"]

1. d4 d5 2. Nf3 Nf6 3. g3 c6 4. Bg2 Bf5 5. Nh4 Be6 6. O-O Qc8 7. Re1 Bh3 8. Bh1
e6 9. Nc3 c5 10. e4 cxd4 11. Qxd4 Nc6 12. Qa4 Nxe4 13. Nxe4 dxe4 14. Bxe4 Be7
15. Nf3 O-O 16. Ng5 Bxg5 17. Bxg5 h6 18. Be3 Qc7 19. c3 Rfd8 1/2-1/2

[Event "Elit(LASK-Kungstornet)"]
[Site "?"]
[Date "2016.10.16"]
[Round "3"]
[White "Semcesen, Daniel"]
[Black "Backlund, Anders"]
[Result "1-0"]
[WhiteElo "2457"]
[BlackElo "2314"]
[PlyCount "83"]

1. d4 e6 2. c4 Nf6 3. Nc3 Bb4 4. Qc2 c5 5. dxc5 O-O 6. a3 Bxc5 7. Bf4 b6 8. Nf3
Bb7 9. Rd1 Nh5 10. Bg3 f5 11. e3 Nxg3 12. hxg3 g6 13. Be2 Be7 14. O-O a6 15.
Rd2 Qc7 16. Rfd1 Bf6 17. Qb3 Bc6 18. Nd4 Rf7 19. Qa2 Bb7 20. b4 Nc6 21. Qb3
Nxd4 22. exd4 Re8 23. Bf3 Bxf3 24. gxf3 Rc8 25. c5 bxc5 26. dxc5 Bxc3 27. Qxc3
a5 28. Rd6 axb4 29. axb4 Qb7 30. Qd4 Rb8 31. Rb6 Qc7 32. Qd6 Rc8 33. Qd3 Rb8
34. Qb5 Rxb6 35. cxb6 Qb7 36. Rc1 d6 37. Qc6 Qb8 38. Qc8+ Rf8 39. b7 Qa7 40.
Qxf8+ Kxf8 41. Rc8+ Kg7 42. b8=Q 1-0

[Event "Elit(LASK-Kungstornet)"]
[Site "?"]
[Date "2016.10.16"]
[Round "3"]
[White "Henriksson, Johan"]
[Black "Ahlander, Bjorn"]
[Result "0-1"]
[WhiteElo "2274"]
[BlackElo "2407"]
[PlyCount "58"]

1. d4 c5 2. dxc5 e5 3. Nc3 Nf6 4. Be3 Na6 5. Qd2 Nxc5 6. O-O-O Qa5 7. a3 d6 8.
g3 Bf5 9. Bg2 Rc8 10. Bxc5 Qxc5 11. Bxb7 Rc7 12. e4 Rxb7 13. exf5 Be7 14. f3
O-O 15. Nge2 Rfb8 16. b4 Qc8 17. Nd5 Nxd5 18. Qxd5 a5 19. bxa5 Bg5+ 20. f4 exf4
21. gxf4 Bxf4+ 22. Nxf4 Qc3 23. Qxb7 Rxb7 24. Nd5 Qxa3+ 25. Kd2 Qxa5+ 26. Ke2
Qa2 27. Ne3 Re7 28. Rxd6 Qxc2+ 29. Kf3 Qe4+ 0-1

[Event "Elit(LASK-Kungstornet)"]
[Site "?"]
[Date "2016.10.16"]
[Round "3"]
[White "Lundberg, David"]
[Black "Andersson, Fredrik"]
[Result "1/2-1/2"]
[WhiteElo "2169"]
[BlackElo "2279"]
[PlyCount "118"]

1. e4 c5 2. Nf3 Nc6 3. Bb5 d6 4. O-O Bd7 5. Re1 Nf6 6. c3 a6 7. Bf1 Bg4 8. d4
Bxf3 9. gxf3 e5 10. Be3 Be7 11. dxc5 dxc5 12. Qxd8+ Kxd8 13. Nd2 Kc7 14. a4 Nh5
15. Nb3 b6 16. a5 Rhb8 17. axb6+ Rxb6 18. Bc4 Nf4 19. Reb1 Rab8 20. Nxc5 Bxc5
21. Bxc5 Rxb2 22. Rxb2 Rxb2 23. Be3 Rc2 24. Rxa6 Rxc3 25. Bxf7 Nd4 26. Bxf4
Nxf3+ 27. Kf1 exf4 28. Bd5 Kd7 29. Ra7+ Rc7 30. Rxc7+ Kxc7 31. Kg2 Ne5 32. f3
Kd6 33. h4 Kc5 34. Kf2 Kd4 35. Ke2 h6 36. Bb3 Ng6 37. h5 Ne5 38. Ba4 Nc4 39.
Be8 Nd6 40. Bg6 Nc4 41. Bf7 Ne5 42. Be8 Kc5 43. Kf2 Kd6 44. Kg2 Ke7 45. Bb5 Kf6
46. Be8 Kg5 47. Kf2 Kh4 48. Kg2 Nc4 49. Bf7 Ne5 50. Be8 Kg5 51. Kf2 Kf6 52. Ke2
Ke7 53. Bb5 Kd6 54. Kf2 Kc5 55. Be8 Kd4 56. Ke2 Nc4 57. Bf7 Ne5 58. Be8 Kc3 59.
Bb5 Kd4 1/2-1/2

[Event "Elit(LASK-Kungstornet)"]
[Site "?"]
[Date "2016.10.16"]
[Round "3"]
[White "Olsson, Linus"]
[Black "Larsson, Anders"]
[Result "1/2-1/2"]
[WhiteElo "2286"]
[BlackElo "2266"]
[PlyCount "105"]

1. d4 e6 2. c4 Bb4+ 3. Nc3 c5 4. e3 Nf6 5. Bd3 O-O 6. Nge2 d5 7. a3 Bxc3+ 8.
bxc3 Nbd7 9. O-O dxc4 10. Bxc4 Qc7 11. Bd3 e5 12. Bb2 Re8 13. Rc1 c4 14. Bb1
Nb6 15. Qc2 Bd7 16. Rce1 Ba4 17. Qd2 Bc6 18. f3 e4 19. Ng3 Rad8 20. Bc1 Na4 21.
fxe4 Nxe4 22. Nxe4 Rxe4 23. Bxe4 Bxe4 24. Rf4 f5 25. Ref1 g6 26. Rxe4 fxe4 27.
Qc2 Qd7 28. Qxe4 b5 29. Qc2 Rf8 30. Rxf8+ Kxf8 31. e4 Qg4 32. Bh6+ Ke8 33. Be3
h5 34. d5 Qd7 35. h3 Qe7 36. Bd4 Nc5 37. e5 Nd3 38. Qe2 Qxa3 39. Qf1 Qc1 40.
Qxc1 Nxc1 41. Kf2 Nd3+ 42. Ke3 a5 43. Kd2 a4 44. Kc2 Nf4 45. d6 Kd7 46. g3 Ne6
47. Be3 Nd8 48. h4 Nc6 49. Bf4 Ke6 50. Kb2 Kd7 51. Ka3 Ke6 52. Kb2 Kd7 53. Ka3
1/2-1/2

[Event "Elit(Team Viking-Malmo)"]
[Site "?"]
[Date "2016.10.16"]
[Round "3"]
[White "Jobava, Baadur"]
[Black "Berg, Emanuel"]
[Result "1/2-1/2"]
[WhiteElo "2665"]
[BlackElo "2579"]
[PlyCount "46"]

1. d4 Nf6 2. Bg5 e6 3. e4 h6 4. Bxf6 Qxf6 5. Nf3 d6 6. Nc3 c6 7. e5 Qd8 8. exd6
Bxd6 9. Ne4 Be7 10. Bd3 Qb6 11. c3 Nd7 12. Qe2 Qc7 13. O-O-O b5 14. Kb1 Bb7 15.
h4 a6 16. h5 c5 17. dxc5 Nxc5 18. Nxc5 Qxc5 19. Ne5 Bd6 20. Ng6 fxg6 21. Qxe6+
Kd8 22. Qxg6 Kc7 23. Qxg7+ Kb6 1/2-1/2

[Event "Elit(Team Viking-Malmo)"]
[Site "?"]
[Date "2016.10.16"]
[Round "3"]
[White "Agrest, Evgenij"]
[Black "Meier, Georg"]
[Result "1/2-1/2"]
[WhiteElo "2592"]
[BlackElo "2654"]
[PlyCount "36"]

1. d4 Nf6 2. Nf3 d5 3. Bf4 c5 4. e3 Nc6 5. Nbd2 cxd4 6. exd4 Bg4 7. c3 a6 8. h3
Bh5 9. g4 Bg6 10. Nh4 e6 11. Nxg6 hxg6 12. Bg2 Bd6 13. Bg5 Qb6 14. Nb3 Qc7 15.
Qe2 Nh7 16. Be3 Nf6 17. Bg5 Nh7 18. Be3 Nf6 1/2-1/2

[Event "Elit(Team Viking-Malmo)"]
[Site "?"]
[Date "2016.10.16"]
[Round "3"]
[White "Andersson, Ulf"]
[Black "Westerberg, Jonathan"]
[Result "1/2-1/2"]
[WhiteElo "2521"]
[BlackElo "2491"]
[PlyCount "39"]

1. Nf3 d5 2. d4 Nf6 3. c4 e6 4. Nc3 dxc4 5. e3 a6 6. a4 b6 7. Bxc4 Bb7 8. O-O
Bb4 9. Bd2 O-O 10. Ne4 Bxd2 11. Nexd2 Nbd7 12. Be2 Qe7 13. Qb3 Rac8 14. Rfc1 c5
15. Qa3 Nd5 16. dxc5 Rxc5 17. Rxc5 Qxc5 18. Qxc5 Nxc5 19. Nc4 Bc6 20. a5
1/2-1/2

[Event "Elit(Team Viking-Malmo)"]
[Site "?"]
[Date "2016.10.16"]
[Round "3"]
[White "Nithander, Victor"]
[Black "Malekian, Babak"]
[Result "1/2-1/2"]
[WhiteElo "2427"]
[BlackElo "2297"]
[PlyCount "125"]

1. c4 b6 2. Nf3 Bb7 3. g3 Bxf3 4. exf3 c5 5. Bg2 Nc6 6. f4 Rc8 7. Nc3 Nf6 8.
O-O e6 9. Ne2 Be7 10. d4 cxd4 11. Nxd4 O-O 12. Nc2 d5 13. cxd5 exd5 14. b3 Ne4
15. Bb2 Bf6 16. Bxf6 Nxf6 17. Qd3 Qd7 18. Rad1 Rfd8 19. Rfe1 Ne7 20. Nd4 Kf8
21. a3 Rc5 22. b4 Rc4 23. Re3 Rdc8 24. Qd2 Nc6 25. Nf3 Qf5 26. b5 Ne7 27. Bf1
R4c5 28. Bd3 Qd7 29. Nd4 Qd6 30. Rde1 R5c7 31. h3 g6 32. Qb2 Neg8 33. Nc6 a6
34. a4 axb5 35. axb5 Ra8 36. Kg2 Rd7 37. Re5 Qa3 38. Qe2 Qc5 39. h4 Kg7 40. f5
Ra3 41. fxg6 hxg6 42. Rg5 Qc3 43. Rd1 Nh7 44. Re5 Nhf6 45. Re3 Qc5 46. Qb2 Qc3
47. Qb1 Ng4 48. Re2 Rb3 49. Qc2 Qxc2 50. Rxc2 N4f6 51. Ra2 Rb7 52. Nd4 Rc3 53.
Be2 Ne4 54. Bf3 Ngf6 55. Rda1 Rc4 56. Ra4 Rbc7 57. Nc6 Rxa4 58. Rxa4 Nc3 59.
Rb4 Nxb5 60. Rxb5 Rxc6 61. Bxd5 Nxd5 62. Rxd5 Kf6 63. g4 1/2-1/2

[Event "Elit(Team Viking-Malmo)"]
[Site "?"]
[Date "2016.10.16"]
[Round "3"]
[White "Markovic, Miroslav"]
[Black "Sagit, Rauan"]
[Result "1-0"]
[WhiteElo "2459"]
[BlackElo "2414"]
[PlyCount "123"]

1. e4 c5 2. c3 Nf6 3. d3 e6 4. Nf3 Be7 5. g3 O-O 6. Bg2 d5 7. Qe2 b6 8. e5 Ne8
9. O-O Ba6 10. h4 Nc6 11. Re1 Nc7 12. Bf4 Rc8 13. Nbd2 Qd7 14. Nf1 d4 15. c4 b5
16. b3 bxc4 17. bxc4 Rb8 18. h5 Rb6 19. N1h2 Rfb8 20. Bc1 Ne8 21. Ng4 Nd8 22.
Ng5 Bb7 23. Bxb7 Qxb7 24. Ne4 Qc6 25. h6 f5 26. exf6 gxf6 27. Bf4 e5 28. Bc1
Nf7 29. Nd2 Qe6 30. f4 Qf5 31. fxe5 Re6 32. Ne4 Nxe5 33. Bf4 Rbb6 34. Bxe5 fxe5
35. Rf1 Qg6 36. Rf2 Nf6 37. Ngxf6+ Bxf6 38. Raf1 Be7 39. Qf3 Rb8 40. Kg2 Re8
41. a4 Kh8 42. Rh1 Kg8 43. Rh5 Rf8 44. Qe2 Rxf2+ 45. Kxf2 Qe8 46. Kg2 Qg6 47.
a5 Kh8 48. Qf3 Kg8 49. g4 Qe8 50. Ng3 Qc6 51. Ne4 Qe8 52. Rh1 Qf8 53. g5 Qxf3+
54. Kxf3 Ra6 55. Rb1 Rxa5 56. Rb7 Kf7 57. g6+ Kxg6 58. Rxe7 Kxh6 59. Rxe5 Ra1
60. Nxc5 a5 61. Ke4 Re1+ 62. Kxd4 1-0

[Event "Elit(Team Viking-Malmo)"]
[Site "?"]
[Date "2016.10.16"]
[Round "3"]
[White "Lindberg, Bo"]
[Black "Gajic, Mladen"]
[Result "1/2-1/2"]
[WhiteElo "2402"]
[BlackElo "2346"]
[PlyCount "109"]

1. d4 e6 2. Nf3 f5 3. g3 b6 4. d5 Bb7 5. dxe6 dxe6 6. Qxd8+ Kxd8 7. Bg2 Nf6 8.
O-O Bd6 9. Nbd2 Ke7 10. b3 Nbd7 11. Bb2 Rac8 12. Rad1 Rhe8 13. Rfe1 c5 14. e4
Nxe4 15. Nxe4 fxe4 16. Ng5 Nf6 17. Nxe4 Bxe4 18. Bxe4 Rcd8 19. Bc6 Rf8 20. Bb5
Kf7 21. Re2 Nd5 22. Bc4 Nc7 23. Red2 Be7 24. Be5 Rxd2 25. Rxd2 Rd8 26. Rxd8
Bxd8 27. f4 g6 28. Kf2 Nd5 29. Bb8 Bc7 30. Bxc7 Nxc7 31. Kf3 Kf6 32. Ke4 b5 33.
Bf1 a6 34. a3 Ne8 35. Bg2 Nd6+ 36. Kd3 e5 37. Ke3 g5 38. fxg5+ Kxg5 39. Bh3 h5
40. Bd7 h4 41. gxh4+ Kxh4 42. Kf3 a5 43. Be6 b4 44. a4 Kg5 45. Bc4 e4+ 46. Ke3
Kf5 47. Bg8 Ke5 48. Bh7 c4 49. h4 c3 50. h5 Nf5+ 51. Bxf5 Kxf5 52. h6 Kg6 53.
Kxe4 Kxh6 54. Kd5 Kg5 55. Ke5 1/2-1/2

[Event "Elit(Team Viking-Malmo)"]
[Site "?"]
[Date "2016.10.16"]
[Round "3"]
[White "Agrest, Inna"]
[Black "Cramling, Dan"]
[Result "1/2-1/2"]
[WhiteElo "2222"]
[BlackElo "2367"]
[PlyCount "120"]

1. e4 c5 2. Nf3 e6 3. d4 cxd4 4. Nxd4 Bc5 5. Nb3 Bb6 6. Bd3 Ne7 7. c4 d5 8. c5
Bxc5 9. Nxc5 Qa5+ 10. b4 Qxb4+ 11. Qd2 Qxc5 12. Ba3 Qc7 13. Nc3 a6 14. O-O Nbc6
15. Rac1 O-O 16. exd5 exd5 17. Rfe1 Be6 18. Qg5 Rfe8 19. Bb2 Ng6 20. Ne2 Qd8
21. Qh5 Qd7 22. h3 f6 23. Ng3 Qf7 24. f4 Bd7 25. Bb1 Rxe1+ 26. Rxe1 Re8 27. Rd1
Nf8 28. Qf3 d4 29. Ne4 Qe7 30. Ba3 Qd8 31. Bc2 Be6 32. Nd6 Re7 33. f5 Bxa2 34.
Bb3+ Bxb3 35. Qxb3+ Kh8 36. Nf7+ Rxf7 37. Qxf7 Nd7 38. Qd5 Qe8 39. Qe6 Qd8 40.
Kh1 Nde5 41. Bc5 h6 42. Qb3 b5 43. Qa2 Qc8 44. Bxd4 Nxd4 45. Rxd4 Qxf5 46. Rd1
Kh7 47. Qxa6 Nd3 48. Ra1 b4 49. Qc4 h5 50. h4 Nf2+ 51. Kg1 Ne4 52. Rf1 Qg4 53.
Qxb4 Qxh4 54. Qb1 Qg4 55. Qd1 Qg5 56. Qf3 Ng3 57. Qd3+ f5 58. Re1 Qh4 59. Re3
Ne4 60. Qe2 Nf6 1/2-1/2

[Event "Elit(Team Viking-Malmo)"]
[Site "?"]
[Date "2016.10.16"]
[Round "3"]
[White "Grandell, Anders"]
[Black "Nilsson, Anders"]
[Result "1-0"]
[WhiteElo "2264"]
[BlackElo "2204"]
[PlyCount "103"]

1. d4 d6 2. e4 Nf6 3. f3 e5 4. Be3 Be7 5. dxe5 dxe5 6. Qxd8+ Kxd8 7. Bc4 Rf8 8.
Ne2 c6 9. a4 a5 10. Ng3 Nfd7 11. Nf5 Bc5 12. Bxc5 Nxc5 13. Nxg7 Rg8 14. Nh5
Rxg2 15. Ng3 Rxc2 16. Na3 Rg2 17. Bf1 Bh3 18. O-O-O+ Kc7 19. Bxg2 Bxg2 20. Rhg1
Bxf3 21. Rdf1 Nb3+ 22. Kc2 Nd4+ 23. Kd3 Nd7 24. Ke3 Nc5 25. Rxf3 Nxf3 26. Kxf3
Nxa4 27. Nc4 b5 28. Ra1 f6 29. Nf5 Rd8 30. Nxa5 Rd3+ 31. Ne3 Kb6 32. Nac4+ Kc7
33. b4 Nc3 34. Na5 Kb6 35. h3 h5 36. h4 f5 37. exf5 Nd5 38. Re1 Nxb4 39. f6 Nc2
40. Re2 Rd6 41. Nac4+ bxc4 42. Nxc4+ Kc5 43. Nxd6 Nd4+ 44. Ke4 Kxd6 45. Rf2 Ne6
46. Kf5 c5 47. Kg6 e4 48. f7 Nf8+ 49. Kg7 Ne6+ 50. Kf6 Nf8 51. Rd2+ Kc7 52. Re2
1-0

[Event "Elit(Eksjo-Kungstornet)"]
[Site "?"]
[Date "2017.01.14"]
[Round "4"]
[White "von Bahr, Oskar"]
[Black "Gdanski, Jacek"]
[Result "1-0"]
[WhiteElo "2360"]
[BlackElo "2484"]
[PlyCount "83"]
[SourceDate "2017.01.21"]

1. e4 e6 2. d4 d5 3. Nd2 Nf6 4. e5 Nfd7 5. Bd3 c5 6. c3 b6 7. Ne2 Ba6 8. Bxa6
Nxa6 9. O-O Nc7 10. Nf4 c4 11. Qg4 b5 12. Nf3 g6 13. h4 Be7 14. h5 g5 15. Nh3
h6 16. Nh2 f5 17. exf6 Nxf6 18. Qe2 Qd6 19. f4 Ne4 20. Qc2 O-O-O 21. Ng4 Rdg8
22. Ne5 Rg7 23. fxg5 hxg5 24. g4 Bf6 25. Qh2 Bxe5 26. Qxe5 Ne8 27. Be3 a5 28.
a3 Rhh7 29. Rf3 Kd7 30. Raf1 Kc6 31. Rf8 Nc7 32. Rc8 b4 33. axb4 axb4 34. cxb4
Kb5 35. Rb8+ Ka4 36. b5 Nxb5 37. Ra1+ Kb4 38. Bd2+ c3 39. Bxc3+ Kc4 40. Ra4+
Kd3 41. Rxb5 Qf8 42. Ra3 1-0

[Event "Elit(Eksjo-Kungstornet)"]
[Site "?"]
[Date "2017.01.14"]
[Round "4"]
[White "Vang Glud, Jakob"]
[Black "Aronsson, Marten"]
[Result "1/2-1/2"]
[WhiteElo "2514"]
[BlackElo "2356"]
[PlyCount "134"]

1. c4 c5 2. g3 Nc6 3. Bg2 g6 4. Nc3 Bg7 5. a3 a5 6. Nf3 e5 7. O-O d6 8. Ne1 Be6
9. d3 Nge7 10. Nc2 d5 11. cxd5 Nxd5 12. Ne3 Nde7 13. Nc4 O-O 14. Bg5 f6 15. Be3
b6 16. Qa4 Qc7 17. f4 Rab8 18. fxe5 Nxe5 19. Bf4 h6 20. Bxe5 fxe5 21. Rxf8+
Rxf8 22. Qb5 Rb8 23. Rf1 Kh7 24. Ne3 Qd6 25. Kh1 Nf5 26. Nc4 Qc7 27. Nd5 Qd8
28. e4 Nd4 29. Qa6 Bxd5 30. exd5 Qd7 31. Be4 Nf5 32. g4 Ne7 33. Ne3 Nc8 34. Qc4
Nd6 35. Qc2 Qe7 36. Nc4 Rf8 37. Rxf8 Qxf8 38. Kg2 b5 39. Nxd6 Qxd6 40. a4 b4
41. Qc4 Qd7 42. h3 Qxa4 43. Qxc5 Qd1 44. Qf2 b3 45. Bxg6+ Kh8 46. d6 Qc2 47. d7
Bf6 48. Kg1 Qc1+ 49. Qf1 Qxf1+ 50. Kxf1 Kg7 51. Be4 Kf8 52. Bc6 Ke7 53. Ba4 e4
54. dxe4 Bxb2 55. Bxb3 Kxd7 56. Kf2 Kd6 57. Kg3 Ke5 58. Bd5 Bc3 59. Kh4 a4 60.
Kh5 Bd2 61. Kg6 a3 62. h4 Be3 63. Kh5 Bd2 64. g5 Bxg5 65. hxg5 hxg5 66. Kxg5 a2
67. Bxa2 Kxe4 1/2-1/2

[Event "Elit(Eksjo-Kungstornet)"]
[Site "?"]
[Date "2017.01.14"]
[Round "4"]
[White "Backlund, Anders"]
[Black "Ornstein, Axel"]
[Result "1/2-1/2"]
[WhiteElo "2315"]
[BlackElo "2344"]
[PlyCount "45"]

1. e4 e5 2. Nf3 Nc6 3. Nc3 Nf6 4. Bb5 Nd4 5. Ba4 Nxf3+ 6. Qxf3 c6 7. O-O d6 8.
d3 Be6 9. Bb3 Be7 10. Bxe6 fxe6 11. Qh3 Qd7 12. f4 exf4 13. Bxf4 e5 14. Qxd7+
Kxd7 15. Bd2 Raf8 16. Rf3 Ne8 17. Raf1 Rxf3 18. Rxf3 Rf8 19. Rxf8 Bxf8 20. Kf2
Nc7 21. Be3 a6 22. Kf3 Be7 23. Ne2 1/2-1/2

[Event "Elit(Eksjo-Kungstornet)"]
[Site "?"]
[Date "2017.01.14"]
[Round "4"]
[White "Bejtovic, Jasmin"]
[Black "Larsson, Anders"]
[Result "1/2-1/2"]
[WhiteElo "2362"]
[BlackElo "2287"]
[PlyCount "277"]

1. c4 e6 2. Nf3 d5 3. e3 Nf6 4. b3 Be7 5. Bb2 O-O 6. Nc3 c5 7. d4 cxd4 8. exd4
Nc6 9. Bd3 Re8 10. O-O Bd7 11. Rc1 Rc8 12. Qe2 Bd6 13. Nb5 Bf4 14. Rcd1 a6 15.
Na3 Nb4 16. Bb1 dxc4 17. bxc4 b5 18. g3 Bb8 19. Qd2 a5 20. cxb5 Qb6 21. Qe2
Red8 22. Ne5 Be8 23. Rc1 Qb7 24. Rc5 Ba7 25. Rfc1 Bxc5 26. dxc5 Qd5 27. c6 Nxa2
28. Bxa2 Qxa2 29. b6 Qd5 30. c7 Rd6 31. Qa6 Rxc7 32. bxc7 Rxa6 33. c8=Q Ra8 34.
Qc3 Qe4 35. Re1 Qb4 36. Qxb4 axb4 37. Nac4 Nd5 38. Nd6 h6 39. Bd4 f6 40. Nd3
Bg6 41. Nf4 Nxf4 42. gxf4 Rd8 43. Bc5 b3 44. f5 exf5 45. Rb1 Rb8 46. f4 b2 47.
Kf2 Rb3 48. Ke2 Bh5+ 49. Kd2 Rh3 50. Bg1 Rf3 51. Nxf5 Rxf4 52. Ng3 Bg6 53. Rxb2
Rc4 54. Ne2 Rg4 55. Ke3 Ra4 56. Nd4 Ra3+ 57. Kf4 Ra4 58. Kf3 Ra3+ 59. Be3 Bh5+
60. Kf2 Bf7 61. Rb8+ Kh7 62. Rb7 Ra2+ 63. Kg3 Kg6 64. Nf3 Bd5 65. Nh4+ Kh7 66.
Rd7 Bc6 67. Rc7 Bd5 68. Bd4 Ra3+ 69. Bc3 Be6 70. Nf3 Bd5 71. Nd4 Kg6 72. h4 h5
73. Ne2 Kh6 74. Nf4 Bf7 75. Kf2 Bg8 76. Rc8 Bh7 77. Rc5 Bg6 78. Rc7 Ra2+ 79.
Kg3 Bf5 80. Bb4 Ra8 81. Nd5 Bg4 82. Ne3 g5 83. hxg5+ fxg5 84. Rc6+ Kh7 85. Nxg4
hxg4 86. Kxg4 Ra7 87. Bc3 Kg8 88. Kxg5 Rb7 89. Be5 Rd7 90. Kf5 Rb7 91. Rg6+ Kf8
92. Rh6 Ke8 93. Ke6 Re7+ 94. Kd6 Rd7+ 95. Kc6 Rd1 96. Rh7 Kf8 97. Bd6+ Kg8 98.
Ra7 Rf1 99. Kd5 Rf7 100. Ra8+ Kh7 101. Ke6 Rg7 102. Be5 Rg6+ 103. Bf6 Rg8 104.
Ra4 Kg6 105. Rg4+ Kh7 106. Rh4+ Kg6 107. Be7 Rg7 108. Rh8 Rh7 109. Rc8 Rg7 110.
Bf6 Rb7 111. Rg8+ Kh7 112. Rh8+ Kg6 113. Bd4 Kg5 114. Rh3 Kg4 115. Rc3 Kf4 116.
Bc5 Ke4 117. Kd6 Rh7 118. Re3+ Kf4 119. Re2 Kf3 120. Re1 Rh6+ 121. Kd5 Rh5+
122. Kd4 Kf4 123. Rf1+ Kg5 124. Bd6 Kg6 125. Be5 Rh4+ 126. Kd5 Ra4 127. Ke6
Ra6+ 128. Bd6 Kg5 129. Rg1+ Kh4 130. Kd5 Kh5 131. Bf4 Rg6 132. Rh1+ Kg4 133.
Ke4 Re6+ 134. Be5 Rg6 135. Rf1 Kh5 136. Bf6 Rg4+ 137. Kf5 Rg5+ 138. Ke6 Rg2
139. Rf4 1/2-1/2

[Event "Elit(Eksjo-Kungstornet)"]
[Site "?"]
[Date "2017.01.14"]
[Round "4"]
[White "Henriksson, Johan"]
[Black "Schussler, Harry"]
[Result "0-1"]
[WhiteElo "2273"]
[BlackElo "2416"]
[PlyCount "64"]

1. d4 Nf6 2. c4 e6 3. g3 Bb4+ 4. Bd2 a5 5. Bg2 O-O 6. Nf3 b6 7. Ne5 Bxd2+ 8.
Qxd2 Ra7 9. Nc3 d6 10. Nb5 Bb7 11. Nxa7 Bxg2 12. Rg1 Ba8 13. Nd3 c6 14. g4 Qd7
15. g5 Ne8 16. O-O-O Qxa7 17. e4 c5 18. d5 b5 19. Nf4 bxc4 20. Qc3 exd5 21.
exd5 Nd7 22. Rde1 Ne5 23. Kb1 Nc7 24. Rxe5 dxe5 25. Nh5 Nxd5 26. Qxe5 f5 27.
gxf6 g6 28. f4 Qf7 29. f5 Nxf6 30. fxg6 hxg6 31. Qxc5 Nxh5 32. Qxh5 Qf1+ 0-1

[Event "Elit(Eksjo-Kungstornet)"]
[Site "?"]
[Date "2017.01.14"]
[Round "4"]
[White "Malesevic, Nedeljko"]
[Black "Glimbrant, Torbjorn"]
[Result "1/2-1/2"]
[WhiteElo "2259"]
[BlackElo "2229"]
[PlyCount "198"]

1. d4 d5 2. Nf3 Nf6 3. c4 dxc4 4. e3 e6 5. Bxc4 c5 6. O-O a6 7. a4 Nc6 8. Nc3
Be7 9. b3 O-O 10. Bb2 cxd4 11. exd4 Nb4 12. Qe2 Nbd5 13. Ne4 Nxe4 14. Qxe4 Nf6
15. Qe2 b6 16. Ne5 Bb7 17. f4 Nd5 18. Rad1 g6 19. Rd3 Bf6 20. Rh3 Bg7 21. Kh1
Re8 22. Ng4 Qc7 23. Qf2 h5 24. Ne5 Ne7 25. Bd3 Bd5 26. Ba3 Nf5 27. Rc1 Qb7 28.
Bxf5 exf5 29. Rhc3 Rac8 30. Qd2 Rxc3 31. Rxc3 Rc8 32. Rxc8+ Qxc8 33. b4 Bf8 34.
Bb2 Qe8 35. Bc3 Qxa4 36. h3 Bd6 37. Kg1 Qe8 38. Qf2 Qe7 39. Qd2 Kh7 40. g3 Qe6
41. Qe1 Bb7 42. Kf2 Qd5 43. Ke3 f6 44. Nd3 Qg2 45. h4 Be4 46. Qf2 Qh1 47. Ne1
Bd5 48. Kd2 Qe4 49. Qe2 Qxe2+ 50. Kxe2 g5 51. Bd2 gxh4 52. gxh4 Kg6 53. Nd3 Kf7
54. Nb2 Ke6 55. Na4 Bc7 56. Ke3 Bb3 57. Nc3 Bd6 58. Ne2 Bc2 59. Ng3 Bd1 60. Kd3
Bg4 61. Kc4 Bf3 62. Kd3 Kd5 63. Ke3 Bg4 64. Kd3 a5 65. bxa5 bxa5 66. Bxa5 Bxf4
67. Nf1 Bf3 68. Ne3+ Ke6 69. Be1 Be4+ 70. Ke2 Bh2 71. Nf1 Bg1 72. Ng3 Bxd4 73.
Nxh5 Be5 74. Ke3 Kf7 75. Nf4 Bb2 76. Bg3 Bc1+ 77. Ke2 Kg7 78. Kf2 Kh6 79. Ne2
Bb2 80. Nf4 Bd4+ 81. Ke2 Bc5 82. Bf2 Bd6 83. Bg3 Kh7 84. Nh5 Be7 85. Nf4 Bc6
86. Bf2 Bb5+ 87. Kf3 Bd6 88. Be3 Ba4 89. Kf2 Bd1 90. Ke1 Bg4 91. Kf2 Be5 92.
Bd2 Kg7 93. Be3 Kf7 94. Bd2 Ke7 95. Be3 Kd7 96. Bc1 Bd6 97. Be3 Be5 98. Bc1 Ke8
99. Be3 Kf7 1/2-1/2